| 000 | 01386nam0a22002651 4500 | ||
|---|---|---|---|
| 001 | v19\rc\1428442 | ||
| 005 | 20060620100724.4 | ||
| 035 | _a(NLR Aleph) 004575761 | ||
| 090 |
_a2462666 _c2462666 |
||
| 100 | _a20060620d1861 u y0rusy50 ca | ||
| 101 | 1 |
_arus _cfre |
|
| 102 | _aRU | ||
| 105 | _ay z ||||| | ||
| 200 | 1 |
_aКнига духов, заключающая в себе правила спиритского учения о бессмертии души, о природе духов и их отношениях к людям, о нравственных законах, о настоящей жизни, о будущей жизни и о будущности человечества, составленная из наставлений высших духов, полученных чрез посредство многих медиумов, приведенная в систематический порядок Аллан Кардеком _e(Пер. с франц.) |
|
| 210 |
_aМосква _d1861 |
||
| 215 | _a[730] с. | ||
| 225 | 1 | _aФилософия спиритуализма | |
| 309 | _aЛитогр. | ||
| 700 | 1 |
_7ca _8rus _aКардек _bА. _f1804-1869 _gАллан _9152607 _3RU\NLR\AUTH\770152645 |
|
| 801 | 0 |
_aRU _bNLR _gpsbo |
|
| 801 | 1 |
_aRU _bProSoft-M _2rusmarc |
|
| 852 |
_aNLR _j17.125.4.36 |
||
| 852 |
_aNLR _j36.82.7.108 |
||
| 942 | _cBOOK | ||
| 980 | _aNB | ||